Culture Pop par lettre - I - Statistiques

Statistiques générales
  • Ce quiz a été pris 3 061 fois
  • Le résultat moyen est 12 sur 15
Statistiques - réponses
Catégorie Indice Réponse % Correct
Marque Géant suédois du mobilier Ikea
97%
Application Réseau social basé sur le partage de photo et vidéo Instagram
97%
Comics Nom de superhéro de Tony Stark, inventeur de génie Iron Man
92%
Film d'animation Ce film des studios Pixar suit l'histoire d'une famille de superhéros : Bob, Helen, Violette, Flèche et JackJack Paar Les Indestructibles
90%
Objet Nom donné au baladeur numérique de la marque Apple Ipod
89%
Film Aventurier parti à la recherche de l'Arche Perdue Indiana Jones
88%
Célébrité Prénom de Miss France 2015 devenue Miss Univers 2016 Iris Mittenaere
84%
Célébrités Trio d'humoristes composé de Didier Bourdon, Bernard Campan et Pascal Légitimus Les Inconnus
84%
Dessin Animé Détective un peu maladroit aidé par sa nièce Sophie et son chien Finot Inspecteur Gadget
83%
Film De quel film provient cette citation : " Pas de bras, pas de chocolat" Intouchables
83%
Chanson Chanson de John Lennon, pouvant être décrite comme un hymne pacifiste et utopique Imagine
78%
Film Film de Nolan où construire son propre monde n'est plus impossible Inception
77%
Bande Dessinée Complétez la phrase d'ouverture de chaque numéro d'Astérix et Obélix : " Nous sommes en 50 avant Jésus-Christ ; toute la Gaule est occupée par les Romains... Toute ? Non ! Car un village peuplé d'i.........."" Irréductibles
70%
Film Film retraçant les événements avant et durant la Coupe du monde de rugby de 1995 en Afrique du Sud Invictus
51%
Film Giselle, une princesse de dessin animé atterrit dans notre monde et ce retrouve confrontée à la vie humaine Il était une fois
37%
Aucun quiz correspondant
Distribution des résultats
% des personnes avec chaque résultat
Percentile par nombre de réponses
Votre historique - résultats
Vous n’avez pas pris ce quiz